000 00319nam a2200109Ia 4500
008 171211s9999 xx 000 0 und d
245 4 _aThe Alfred Hitchcock Encyclopedia
245 _cStephen Whitty
260 _c2016
650 _xEncyclopedia and Dictionary
856 _uhttp://down.ebook777.com/064/9781442251595.pdf
999 _c350146
_d350146